| Record ID | ia:beelife0000evan |
| Source | Internet Archive |
| Download MARC XML | https://archive.org/download/beelife0000evan/beelife0000evan_marc.xml |
| Download MARC binary | https://www.archive.org/download/beelife0000evan/beelife0000evan_meta.mrc |
LEADER: 01652cam 2200481Ia 4500
001 ocn810120970
003 OCoLC
005 20210118210053.0
008 120914t20132012caua j 000 0 eng d
010 $a 2013014228
040 $aBTCTA$beng$cBTCTA$dYDXCP$dBDX$dCKE$dOCLCO$dOCLCF$dOCLCO$dTOH$dNZRPM$dCHILD
019 $a851560881
020 $a9781608871988
020 $a1608871983
035 $a(OCoLC)810120970$z(OCoLC)851560881
050 14 $aQL565.2$b.E83 2013
082 04 $a595.79/9$223
100 1 $aEvans, Lynette.
245 00 $aBee life /$ctext by Lynette Evans.
260 $aSan Rafael, Calif. :$bInsight Kids,$c2013, c2012.
300 $a1 v. (unpaged) :$bcol. ill. ;$c26 cm.
336 $atext$btxt$2rdacontent
337 $aunmediated$bn$2rdamedia
338 $avolume$bnc$2rdacarrier
490 1 $aSmall world
500 $aOriginally published: London : Weldon Owen, 2012.
520 $aDescribes the lives of honeybees, including worker bees, scout bees, and queen bees.
650 0 $aHoneybee$vJuvenile literature.
650 1 $aHoneybee.
650 1 $aBees.
650 7 $aHoneybee.$2fast$0(OCoLC)fst00959952
650 7 $aHoneybee.$2sears
650 7 $aBees.$2sears
655 7 $aJuvenile works.$2fast$0(OCoLC)fst01411637
655 4 $aChildren's nonfiction.$5NZ-WeK
830 0 $aSmall world (London, England)
938 $aChildren's Plus, Inc.$bCHIL$n1737999
938 $aBaker and Taylor$bBTCP$nBK0012122842
938 $aYBP Library Services$bYANK$n9662806
938 $aBrodart$bBROD$n103444114
029 1 $aNZ1$b15678505
994 $aZ0$bP4A
948 $hNO HOLDINGS IN P4A - 45 OTHER HOLDINGS